History Quiz

Random History or Clickable Quiz

1980's U.S. Match-Up Quiz Stats

 Plays Quiz not verified by Sporcle

Score 0/32 Timer 05:00
7 Plays Today
% Correct
The AIDS
97.8%
The Breakfast
97.7%
The Oprah
97.5%
The Phantom
97.2%
Rubik's
97.1%
Ronald Reagan
96.7%
Michael J.
96.2%
Microsoft
95.8%
Married
95.5%
Mount St.
95.4%
Pac
95.2%
Who Shot
95.2%
Mobile
95.1%
Just Say
94.5%
John Lennon
94.4%
Challenger
94%
% Correct
Cabbage Patch
93.6%
We Are
93.3%
Jane Fonda
93%
Disposable
92%
Shoulder
91.4%
I Want
89.7%
Sandra Day
89.1%
Hair
88.8%
Parachute
87.9%
Hands
85.8%
Greg
85.5%
Muppet
84.6%
Pound
82.6%
Teddy
80.1%
Jordache
78.3%
Baby
75.6%

You're not logged in!

Compare scores with friends on all Sporcle quizzes.
OR
Log In

Sporcle TV

Today on Sporcle TV


Watch our educational content, quiz creation guides, and fun videos on Sporcle TV.

Show Comments

Extras

Top Quizzes Today


Score Distribution

Your Account Isn't Verified!

In order to create a playlist on Sporcle, you need to verify the email address you used during registration. Go to your Sporcle Settings to finish the process.

Report this User

Report this user for behavior that violates our Community Guidelines.

Details: